ბათუმის შოთა რუსთაველის სახელმწიფო უნივერსიტეტის ბიბლიოთეკა

От Христа к Константину / (ბიბ.ჩანაწერი № 60804)

000 -LEADER
fixed length control field 00513nam a22001577a 4500
005 - DATE AND TIME OF LATEST TRANSACTION
control field 20231024113627.0
008 - FIXED-LENGTH DATA ELEMENTS--GENERAL INFORMATION
fixed length control field 231024s1965 ru ||||| |||| 00| 0 rus d
041 ## - LANGUAGE CODE
Language code of text/sound track or separate title rus
080 ## - UNIVERSAL DECIMAL CLASSIFICATION NUMBER
Universal Decimal Classification number 27-36 K-13
100 ## - MAIN ENTRY--PERSONAL NAME
Personal name Каждан, А.
9 (RLIN) 20207
245 ## - TITLE STATEMENT
Title От Христа к Константину /
Statement of responsibility, etc. Александр Каждан.
264 ## - PRODUCTION, PUBLICATION, DISTRIBUTION, MANUFACTURE, AND COPYRIGHT NOTICE
Place of production, publication, distribution, manufacture М.:
Name of producer, publisher, distributor, manufacturer Знание,
Date of production, publication, distribution, manufacture, or copyright notice 1965.
300 ## - PHYSICAL DESCRIPTION
Extent 304 стр.;
Other physical details 20 cm.
653 ## - INDEX TERM--UNCONTROLLED
keyword ქრისტედან კონსტანტინემდე
942 ## - ADDED ENTRY ELEMENTS (KOHA)
Source of classification or shelving scheme
Koha item type წიგნი
ეგზემპლარები
Withdrawn status Lost status Source of classification or shelving scheme Damaged status Not for loan Permanent Location Current Location Shelving location Date acquired Cost, normal purchase price Full call number Barcode Date last seen Copy number Uniform Resource Identifier Price effective from Koha item type Public note
          ბათუმის შოთა რუსთაველის სახელმწიფო უნივერსიტეტის მთავარი ბიბლიოთეკა ბათუმის შოთა რუსთაველის სახელმწიფო უნივერსიტეტის მთავარი ბიბლიოთეკა წიგნსაცავი 2023-10-24 6.00 27-36 K-13 65373 2023-10-24 65373 ბსუ-ს საპატიო დოქტორის გურამ ლორთქიფანიძის საჩუქარი 2023-10-24 წიგნი 6 ლ.